Direct Flights from the Netherlands - Statistics

General Stats
  • This quiz has been taken 149 times
  • The average score is 72 of 84
Answers on the Map
Answers color-coded by a green-red scale on the quiz's map according to % correct below.
 
Answer Stats
Answer % Correct
Germany
98%
Italy
98%
Morocco
98%
United Kingdom
98%
United States
98%
Austria
97%
Egypt
97%
France
97%
Norway
97%
Spain
97%
Turkey
97%
Belgium
96%
Canada
96%
China
96%
Croatia
96%
Denmark
96%
Estonia
96%
Finland
96%
Greece
96%
Iceland
96%
Ireland
96%
Poland
96%
Portugal
96%
Sweden
96%
Switzerland
96%
Albania
95%
Brazil
95%
India
95%
Mexico
95%
Romania
95%
Slovakia
95%
Slovenia
95%
Argentina
94%
Bulgaria
94%
Czechia
94%
Hungary
94%
Japan
94%
Latvia
94%
South Africa
94%
Colombia
93%
Israel
93%
Serbia
93%
Qatar
92%
Lithuania
91%
Netherlands
91%
Saudi Arabia
91%
South Korea
91%
Bosnia and Herzegovina
90%
Peru
90%
United Arab Emirates
88%
Cuba
86%
Luxembourg
85%
Indonesia
84%
Thailand
84%
Nigeria
83%
North Macedonia
82%
Dominican Republic
81%
Jordan
81%
Kenya
81%
Russia
81%
Cyprus
80%
Kazakhstan
80%
Costa Rica
79%
Moldova
79%
Panama
79%
Georgia
77%
Kuwait
77%
Lebanon
77%
Singapore
77%
Tanzania
76%
Ukraine
75%
Malaysia
73%
Senegal
72%
Ghana
71%
Ecuador
69%
Suriname
67%
Taiwan
66%
Jamaica
60%
Cape Verde
58%
Uganda
48%
Rwanda
45%
Barbados
40%
Gambia
39%
Trinidad and Tobago
35%
No matching quizzes found
Score Distribution
Percent of People with Each Score
Percentile by Number Answered
Your Score History
You have not taken this quiz